| 000 | 01053cam a22002532 4500 | ||
|---|---|---|---|
| 001 | 0000019836 | ||
| 005 | 20151217145920.0 | ||
| 008 | 110215s xx 000 0 eng d | ||
| 020 | _a1855391201 (Bk.1) : | ||
| 020 | _a1855391244 (Bk. 2) | ||
| 020 | _a1855391333 (Bk. 3) | ||
| 040 |
_aKABU _cKABU |
||
| 100 | 1 |
_aSwainston, Tony. _@0000179810 |
|
| 245 | 1 | 0 |
_aEffective leadership in schools / _cTony Swainston. |
| 250 | _a1st ed. | ||
| 260 |
_aStafford, England : _bNetwork Educational, _c2005. |
||
| 300 | _aBooks 1-3. | ||
| 505 | 0 | _aBook 1- Sharing the vision ... and the distribution of effective leadership - Book 2 -Innovation ... and the future challenges of effective leadership - Book 3 Leadership styles ... and the role of emotional intelligence in effective leadership. | |
| 650 | 0 |
_aSchool management and organization. _@0000153662 |
|
| 852 | 1 | _9p5999 KES (set) | |
| 852 | 1 | _9p5999 KES (set) | |
| 908 | _a110215 | ||
| 950 | _@1 | ||
| 999 |
_c4028 _d4028 |
||